[Event "Magyar Rapid Bajnokság"]
[Site "Ajka"]
[Date "2018.07.20"]
[Round "4.2"]
[White "Erdos, Viktor"]
[Black "Csiszar, Csaba"]
[Result "1-0"]
[WhiteElo "2617"]
[BlackElo "2432"]
[PlyCount "97"]
[EventDate "2018.07.20"]
[EventType "swiss"]
[EventRounds "13"]
[EventCountry "HUN"]

1. Nf3 c5 2. c4 Nc6 3. Nc3 e5 4. e3 f5 5. d4 e4 6. d5 exf3 7. dxc6 dxc6 8.
Qxd8+ Kxd8 9. gxf3 Nf6 10. b3 g6 11. Bb2 Bg7 12. O-O-O+ Ke7 13. Ne2 Be6 14. Nf4
Rhd8 15. Bg2 Bf7 16. Nd3 b6 17. f4 Rac8 18. Ne5 Rxd1+ 19. Rxd1 Be8 20. Kc2 Ke6
21. Nf3 Ke7 22. Ng5 h6 23. Nf3 Rd8 24. Rg1 Kf8 25. Ne5 Ng4 26. Nxg4 Bxb2 27.
Ne5 Bxe5 28. fxe5 g5 29. f4 gxf4 30. exf4 Rd4 31. Rf1 Ke7 32. Rf2 b5 33. Bf1 a6
34. Bd3 Bd7 35. Kd2 Be6 36. Ke3 Kf7 37. Rc2 b4 38. a3 Rd8 39. Ra2 Rb8 40. axb4
Rxb4 41. Bc2 Rb6 42. Ra5 Ke7 43. Rxc5 Kd7 44. Ra5 Kc7 45. Kd4 Rb8 46. Kc5 Rg8
47. Rxa6 Bd7 48. Ra7+ Kd8 49. Ra8+ 1-0

[Event "Magyar Rapid Bajnokság"]
[Site "Ajka"]
[Date "2018.07.20"]
[Round "4.5"]
[White "Mihok, Oliver"]
[Black "Papp, Gabor"]
[Result "1/2-1/2"]
[WhiteElo "2426"]
[BlackElo "2574"]
[PlyCount "96"]
[EventDate "2018.07.20"]
[EventType "swiss"]
[EventRounds "13"]
[EventCountry "HUN"]

1. e4 c5 2. Nf3 Nc6 3. Bb5 g6 4. Bxc6 bxc6 5. O-O Bg7 6. c3 Nf6 7. Re1 O-O 8.
e5 Nd5 9. d3 d6 10. Na3 Bg4 11. Nc4 Nb6 12. Na5 dxe5 13. h3 Bxf3 14. Qxf3 Qd5
15. Nxc6 Qxf3 16. gxf3 Rfe8 17. Nxe5 Rad8 18. Nc6 Rxd3 19. Be3 Na4 20. Rab1 Bf6
21. Nxa7 Rb8 22. Kg2 Rd7 23. Nc6 Rxb2 24. Bh6 Rc7 25. Ne5 Bxe5 26. Rxb2 Nxb2
27. Rxe5 f6 28. Rd5 g5 29. f4 Na4 30. c4 Nb6 31. Rd8+ Kf7 32. fxg5 Nxc4 33.
gxf6 exf6 34. Bf4 Rc6 35. a4 Ra6 36. Rd5 Rxa4 37. Rxc5 Nb2 38. Rc7+ Kg6 39. Be3
Nd3 40. Ra7 Rc4 41. Ra6 h5 42. Kg3 h4+ 43. Kg2 Ne1+ 44. Kf1 Nf3 45. Kg2 Ne5 46.
Rd6 Ra4 47. Bd4 Ra5 48. Bxe5 Rxe5 1/2-1/2

[Event "Magyar Rapid Bajnokság"]
[Site "Ajka"]
[Date "2018.07.20"]
[Round "4.6"]
[White "Ruck, Robert"]
[Black "Egresi, Mate"]
[Result "1-0"]
[WhiteElo "2570"]
[BlackElo "2280"]
[PlyCount "81"]
[EventDate "2018.07.20"]
[EventType "swiss"]
[EventRounds "13"]
[EventCountry "HUN"]

1. Nf3 d5 2. d4 Nf6 3. c4 e6 4. Nc3 Be7 5. Bf4 O-O 6. e3 c5 7. dxc5 Bxc5 8.
cxd5 Nxd5 9. Nxd5 exd5 10. a3 Nc6 11. Bd3 Bb6 12. O-O Bg4 13. h3 Bh5 14. b4 Re8
15. Ra2 Qf6 16. g4 Bg6 17. Bxg6 hxg6 18. Qxd5 Rad8 19. Qc4 Nd4 20. Nxd4 Rxd4
21. exd4 Qxf4 22. Re2 Rd8 23. Rd1 Bxd4 24. Kg2 Kh7 25. Rd3 f5 26. gxf5 gxf5 27.
Rf3 Qh4 28. Qe6 Qg5+ 29. Rg3 Qh5 30. Rd2 Re8 31. Qd5 Bf6 32. Qf3 Qxf3+ 33. Rxf3
Re5 34. Rd7 Rb5 35. Rfd3 Bb2 36. Rb3 Bf6 37. a4 Rb6 38. b5 a5 39. Rbd3 Kg8 40.
R3d6 Rxb5 41. axb5 1-0

[Event "Magyar Rapid Bajnokság"]
[Site "Ajka"]
[Date "2018.07.20"]
[Round "4.7"]
[White "Csonka, Attila Istvan"]
[Black "Czebe, Attila"]
[Result "1/2-1/2"]
[WhiteElo "2337"]
[BlackElo "2488"]
[PlyCount "87"]
[EventDate "2018.07.20"]
[EventType "swiss"]
[EventRounds "13"]
[EventCountry "HUN"]

1. e4 g6 2. d4 Bg7 3. Nf3 d6 4. Bc4 Nf6 5. Qe2 O-O 6. O-O Bg4 7. h3 Bxf3 8.
Qxf3 Nc6 9. c3 e5 10. d5 Ne7 11. Bg5 Nd7 12. Bxe7 Qxe7 13. Nd2 f5 14. Qe2 Bh6
15. Rad1 Bxd2 16. Rxd2 fxe4 17. Qxe4 Rf4 18. Qe2 Qg5 19. Bd3 Nf6 20. Bc2 Rf8
21. Qe3 Kg7 22. Re1 h6 23. g3 Nh5 24. Bd1 Re4 25. Qxe4 Qxd2 26. Qe3 Qxe3 27.
Rxe3 Nf6 28. c4 Rb8 29. Be2 a6 30. f4 exf4 31. Re7+ Kf8 32. Rxc7 Re8 33. Bf3
Re7 34. Rxe7 Kxe7 35. gxf4 g5 36. fxg5 hxg5 37. Kf2 Nd7 38. Ke3 a5 39. b3 b6
40. Bg4 Nc5 41. Bf5 Kf6 42. Bc2 Ke5 43. Bb1 Nd7 44. Be4 1/2-1/2

[Event "Magyar Rapid Bajnokság"]
[Site "Ajka"]
[Date "2018.07.20"]
[Round "4.8"]
[White "Czupor, Attila"]
[Black "Nemeth, Miklos"]
[Result "1/2-1/2"]
[WhiteElo "2045"]
[BlackElo "2469"]
[PlyCount "56"]
[EventDate "2018.07.20"]
[EventType "swiss"]
[EventRounds "13"]
[EventCountry "HUN"]

1. e4 d6 2. d4 Nf6 3. Nc3 Nbd7 4. Nf3 e5 5. Be2 c6 6. a4 Be7 7. h3 O-O 8. Be3
b6 9. O-O Qc7 10. Re1 Re8 11. dxe5 dxe5 12. Nd2 Bb7 13. Bc4 Rad8 14. Qf3 Nc5
15. Nf1 a6 16. b4 Ne6 17. Bxe6 fxe6 18. a5 bxa5 19. bxa5 Nd7 20. Nd2 Bb4 21.
Bg5 Nf6 22. Nb3 Rf8 23. Qe3 c5 24. Na4 Bxe1 25. Rxe1 Bxe4 26. Bxf6 Rxf6 27.
Qxe4 Rf4 28. Qe3 Rxa4 1/2-1/2

[Event "Magyar Rapid Bajnokság"]
[Site "Ajka"]
[Date "2018.07.20"]
[Round "4.11"]
[White "Gledura, Benjamin"]
[Black "Teglas, Balazs"]
[Result "1-0"]
[WhiteElo "2574"]
[BlackElo "2201"]
[PlyCount "65"]
[EventDate "2018.07.20"]
[EventType "swiss"]
[EventRounds "13"]
[EventCountry "HUN"]

1. e4 c5 2. Nf3 e6 3. d4 cxd4 4. Nxd4 Nc6 5. Nc3 Qc7 6. Be3 a6 7. Qd2 Nf6 8. f4
b5 9. e5 b4 10. Ncb5 axb5 11. Nxb5 Qa5 12. exf6 gxf6 13. Be2 Ba6 14. a4 Bxb5
15. Bxb5 Qc7 16. O-O f5 17. c3 Rg8 18. Rf2 Na7 19. Bxa7 Qxa7 20. cxb4 Rc8 21.
Kh1 Qb7 22. Rd1 Rc7 23. Rf3 Kd8 24. Rb3 Bh6 25. Rd3 d5 26. Rh3 Rg6 27. Bf1 Qc8
28. b5 Rc2 29. Qb4 Bg7 30. b6 Rxb2 31. Rb3 Rxb3 32. Qxb3 Qc6 33. b7 1-0

[Event "Magyar Rapid Bajnokság"]
[Site "Ajka"]
[Date "2018.07.20"]
[Round "5.1"]
[White "Almasi, Zoltan"]
[Black "Erdos, Viktor"]
[Result "0-1"]
[WhiteElo "2650"]
[BlackElo "2617"]
[PlyCount "124"]
[EventDate "2018.07.20"]
[EventType "swiss"]
[EventRounds "13"]
[EventCountry "HUN"]

1. e4 e5 2. Nf3 Nc6 3. Bb5 a6 4. Ba4 Nf6 5. O-O Be7 6. Re1 b5 7. Bb3 d6 8. c3
O-O 9. h3 Re8 10. d4 Bb7 11. Nbd2 Bf8 12. d5 Nb8 13. Nf1 Nbd7 14. N3h2 c6 15.
dxc6 Bxc6 16. Bg5 Qc7 17. Qf3 a5 18. Bxf6 Nxf6 19. Ng4 Nxg4 20. hxg4 a4 21. Bc2
g6 22. a3 Bh6 23. Rad1 Kg7 24. Bb1 Rf8 25. Ba2 Rad8 26. Bd5 Bd7 27. Rd3 Qc8 28.
Nh2 Bg5 29. Red1 Be7 30. Ba2 h6 31. g3 Kh7 32. Kg2 f5 33. gxf5 gxf5 34. Bd5 f4
35. Qh5 Be8 36. Qe2 Bg6 37. Rh1 Kg7 38. Qg4 Qxg4 39. Nxg4 h5 40. Nh2 fxg3 41.
fxg3 h4 42. gxh4 Rf4 43. Re3 Rxh4 44. Nf3 Rg4+ 45. Kf1 Rf8 46. Rg1 Rxg1+ 47.
Kxg1 Bd8 48. Rd3 Bb6+ 49. Kg2 Rf4 50. Ng5 Kf6 51. Nf3 Bc5 52. Nd2 Rf2+ 53. Kg3
Re2 54. Kf3 Rf2+ 55. Kg3 Re2 56. Kf3 Bh5+ 57. Kg3 Bf2+ 58. Kh3 Kg5 59. Nf3+ Kf4
60. Nh2 Bg1 61. Nf1 Bg4+ 62. Kh4 Bf2+ 0-1

[Event "Magyar Rapid Bajnokság"]
[Site "Ajka"]
[Date "2018.07.20"]
[Round "5.2"]
[White "Balog, Imre"]
[Black "Horvath, Adam"]
[Result "1-0"]
[WhiteElo "2613"]
[BlackElo "2479"]
[PlyCount "39"]
[EventDate "2018.07.20"]
[EventType "swiss"]
[EventRounds "13"]
[EventCountry "HUN"]

1. d4 Nf6 2. Bg5 e6 3. e4 h6 4. Bxf6 Qxf6 5. Nc3 d6 6. Qd2 c6 7. Nf3 Nd7 8.
O-O-O e5 9. dxe5 Nxe5 10. Nxe5 dxe5 11. Nb5 Bc5 12. Nc7+ Ke7 13. Nxa8 Qxf2 14.
Qa5 Be6 15. Nc7 Bg4 16. Bc4 Bxd1 17. Nd5+ cxd5 18. Qc7+ Kf6 19. Rf1 Be3+ 20.
Kxd1 1-0

[Event "Magyar Rapid Bajnokság"]
[Site "Ajka"]
[Date "2018.07.20"]
[Round "5.10"]
[White "Groszpeter, Attila"]
[Black "Vass, Viktor"]
[Result "1-0"]
[WhiteElo "2438"]
[BlackElo "2275"]
[PlyCount "47"]
[EventDate "2018.07.20"]
[EventType "swiss"]
[EventRounds "13"]
[EventCountry "HUN"]

1. e4 e5 2. Nf3 Nc6 3. Bb5 a6 4. Ba4 Nf6 5. O-O b5 6. Bb3 Be7 7. Re1 O-O 8. a4
Rb8 9. axb5 axb5 10. c3 d5 11. exd5 e4 12. dxc6 exf3 13. Qxf3 Bg4 14. Qg3 Bd6
15. Qh4 Re8 16. f3 Bc5+ 17. d4 Bxd4+ 18. cxd4 Qxd4+ 19. Kh1 Rxe1+ 20. Qxe1 Re8
21. Qf1 Bf5 22. Nc3 Qd3 23. Bg5 b4 24. Qxd3 1-0

[Event "Magyar Rapid Bajnokság"]
[Site "Ajka"]
[Date "2018.07.20"]
[Round "5.13"]
[White "Martini, Balazs"]
[Black "Hajnal, Zoltan"]
[Result "0-1"]
[WhiteElo "2295"]
[BlackElo "2357"]
[PlyCount "38"]
[EventDate "2018.07.20"]
[EventType "swiss"]
[EventRounds "13"]
[EventCountry "HUN"]

1. d4 d5 2. Bf4 c5 3. e3 Nc6 4. c3 cxd4 5. exd4 Bf5 6. Nf3 e6 7. Qb3 Qd7 8. Ne5
Nxe5 9. Bxe5 a6 10. Be2 Ne7 11. O-O Ng6 12. Bg3 h5 13. h3 h4 14. Bh2 Bd6 15.
Bxd6 Qxd6 16. Qa3 Qd8 17. Re1 Nf4 18. Bf1 Qg5 19. Kh2 Bd3 0-1

[Event "Magyar Rapid Bajnokság"]
[Site "Ajka"]
[Date "2018.07.20"]
[Round "5.17"]
[White "Almasi, Istvan"]
[Black "Marton, Jozsef"]
[Result "1-0"]
[WhiteElo "2416"]
[BlackElo "2088"]
[PlyCount "49"]
[EventDate "2018.07.20"]
[EventType "swiss"]
[EventRounds "13"]
[EventCountry "HUN"]

1. Nf3 d5 2. c4 e6 3. g3 Nf6 4. Bg2 Be7 5. O-O O-O 6. d4 b6 7. cxd5 exd5 8. Nc3
Bb7 9. Bf4 Na6 10. Rc1 c5 11. dxc5 Nxc5 12. Be5 Nfe4 13. Nb5 a6 14. Nbd4 Bf6
15. b4 Bxe5 16. Nxe5 Ne6 17. Ndc6 Bxc6 18. Nxc6 Qf6 19. Qxd5 Nc3 20. Qd3 Na4
21. Qf3 Rae8 22. Qxf6 gxf6 23. Rfd1 b5 24. Rd7 Nb6 25. Ra7 1-0

[Event "Magyar Rapid Bajnokság"]
[Site "Ajka"]
[Date "2018.07.21"]
[Round "6.2"]
[White "Mihok, Oliver"]
[Black "Balog, Imre"]
[Result "0-1"]
[WhiteElo "2426"]
[BlackElo "2613"]
[PlyCount "104"]
[EventDate "2018.07.20"]
[EventType "swiss"]
[EventRounds "13"]
[EventCountry "HUN"]

1. e4 e6 2. d4 d5 3. Nc3 dxe4 4. Nxe4 Nd7 5. Nf3 Ngf6 6. Bd3 Nxe4 7. Bxe4 Nf6
8. Bg5 c5 9. O-O cxd4 10. Nxd4 Be7 11. Bf3 O-O 12. Qd3 Qb6 13. c3 a6 14. a4 Rd8
15. Qe2 Qc7 16. Rfe1 Ng4 17. Bxg4 Bxg5 18. Bf3 Bf6 19. Qe4 Rb8 20. a5 Bd7 21.
Red1 Be8 22. g3 Rd7 23. Nb3 Rxd1+ 24. Rxd1 b6 25. Nd2 bxa5 26. Nc4 Ba4 27. Ra1
Bb3 28. Nxa5 Bd5 29. Qe2 Bxf3 30. Qxf3 Rxb2 31. Nc6 Rb6 32. Nd4 Qc8 33. Kg2 h6
34. h4 Rd6 35. Ra4 Rd5 36. Ne2 Rf5 37. Qe4 a5 38. Rc4 Rc5 39. Rxc5 Qxc5 40.
Qa8+ Kh7 41. Qe4+ g6 42. Qb7 Kg8 43. Qa8+ Kg7 44. Kf1 Qb5 45. c4 Qc5 46. Qa6
Bd8 47. Qb5 Bb6 48. Qxc5 Bxc5 49. Nc3 f5 50. Ke2 Kf6 51. f3 Ke5 52. Na4 Kd4 0-1

[Event "Magyar Rapid Bajnokság"]
[Site "Ajka"]
[Date "2018.07.21"]
[Round "6.3"]
[White "Ruck, Robert"]
[Black "Almasi, Zoltan"]
[Result "0-1"]
[WhiteElo "2570"]
[BlackElo "2650"]
[PlyCount "106"]
[EventDate "2018.07.20"]
[EventType "swiss"]
[EventRounds "13"]
[EventCountry "HUN"]

1. Nf3 b6 2. e4 Bb7 3. Bc4 e6 4. Qe2 Nf6 5. e5 d5 6. Bb3 Nfd7 7. O-O c5 8. d3
Nc6 9. c3 Be7 10. d4 Qc8 11. Re1 O-O 12. Be3 Ba6 13. Qd1 b5 14. a3 Bb7 15. Bc2
c4 16. Ng5 h6 17. Nh3 f5 18. exf6 Nxf6 19. Nf4 Bd6 20. Ng6 Rf7 21. Nd2 Qc7 22.
f4 Ne7 23. Ne5 Bxe5 24. fxe5 Ne4 25. Nxe4 dxe4 26. Qg4 Nf5 27. a4 b4 28. Bd2
bxc3 29. bxc3 Rb8 30. Bc1 Qa5 31. Bd2 Nxd4 32. Bxe4 Bxe4 33. Qxe4 Nb3 34. Rad1
Nxd2 35. Rxd2 Qxa4 36. Rd6 Qa2 37. h3 Re8 38. Kh1 Qf2 39. Rd4 Ref8 40. Red1 Qg3
41. Kg1 Rf4 42. Qc6 Qe3+ 43. Kh2 Qxe5 44. Rxf4 Rxf4 45. Kh1 Kh7 46. Qb7 a5 47.
Qa6 Re4 48. Qa8 Re1+ 49. Rxe1 Qxe1+ 50. Kh2 Qe5+ 51. Kh1 Qd5 52. Qa7 e5 53. Qb6
e4 0-1

[Event "Magyar Rapid Bajnokság"]
[Site "Ajka"]
[Date "2018.07.21"]
[Round "6.4"]
[White "Hajnal, Zoltan"]
[Black "Banusz, Tamas"]
[Result "0-1"]
[WhiteElo "2357"]
[BlackElo "2592"]
[PlyCount "122"]
[EventDate "2018.07.20"]
[EventType "swiss"]
[EventRounds "13"]
[EventCountry "HUN"]

1. e4 e5 2. Nf3 Nc6 3. Bc4 Bc5 4. c3 Nf6 5. d3 d6 6. Bb3 Bb6 7. h3 Ne7 8. Nbd2
c6 9. Nf1 Ng6 10. Ng3 h6 11. Nf5 Bxf5 12. exf5 Ne7 13. g4 Qd7 14. Qe2 Nfd5 15.
Bd2 O-O-O 16. c4 Nf6 17. O-O-O Rhe8 18. c5 Bxc5 19. Bxf7 Ned5 20. Bxe8 Rxe8 21.
Rhe1 Qc7 22. d4 Bxd4 23. Nxd4 exd4 24. Qd3 Rxe1 25. Rxe1 c5 26. f4 Qf7 27. g5
hxg5 28. fxg5 Nd7 29. g6 Qg8 30. Re6 Nc7 31. Rxd6 Qxa2 32. f6 gxf6 33. g7 Ne8
34. Rxd7 Kxd7 35. Qb5+ Kd8 36. Qxb7 Qc4+ 37. Kb1 Qd3+ 38. Ka1 Nxg7 39. Ba5+ Ke8
40. Qb8+ Kf7 41. Qxa7+ Kg6 42. Qxc5 Qd1+ 43. Ka2 d3 44. Qd4 Qf3 45. Bc3 Ne6 46.
Qg1+ Kf5 47. h4 Nf4 48. Qg7 Nd5 49. Qd7+ Kf4 50. Bd2+ Kg3 51. Qg7+ Kf2 52. Qa7+
Ke2 53. Qa5 Qe4 54. Be1 Qc4+ 55. Kb1 Qc2+ 56. Ka2 Ne3 57. Bg3 f5 58. Qe1+ Kf3
59. Be5 d2 60. Qg3+ Ke2 61. Bf4 Qa4+ 0-1

[Event "Magyar Rapid Bajnokság"]
[Site "Ajka"]
[Date "2018.07.21"]
[Round "6.5"]
[White "Hoang, Thanh Trang"]
[Black "Medvegy, Zoltan"]
[Result "0-1"]
[WhiteElo "2351"]
[BlackElo "2542"]
[PlyCount "74"]
[EventDate "2018.07.20"]
[EventType "swiss"]
[EventRounds "13"]
[EventCountry "HUN"]

1. d4 Nf6 2. Nf3 e6 3. e3 c5 4. Bd3 d5 5. b3 Nc6 6. Bb2 Bd6 7. O-O O-O 8. Nbd2
b6 9. Ne5 Bb7 10. a3 Rc8 11. f4 Ne7 12. Qf3 Nf5 13. Qh3 cxd4 14. exd4 Ne4 15.
Rad1 f6 16. Ng4 Qc7 17. Qf3 Nc3 18. Bxc3 Qxc3 19. Bxf5 exf5 20. Ne3 g6 21. Nb1
Qc6 22. c3 Rfe8 23. a4 Re4 24. Nc2 Rxf4 25. Qd3 Re4 26. Rde1 Qc7 27. g3 Kg7 28.
Re2 h5 29. Rfe1 a5 30. Re3 f4 31. gxf4 Bxf4 32. R3e2 Rce8 33. Qd1 Qe7 34. Rxe4
dxe4 35. Ne3 f5 36. Kh1 Bxe3 37. Rxe3 f4 0-1

[Event "Magyar Rapid Bajnokság"]
[Site "Ajka"]
[Date "2018.07.21"]
[Round "6.6"]
[White "Vertetics, Attila"]
[Black "Groszpeter, Attila"]
[Result "1/2-1/2"]
[WhiteElo "2506"]
[BlackElo "2438"]
[PlyCount "33"]
[EventDate "2018.07.20"]
[EventType "swiss"]
[EventRounds "13"]
[EventCountry "HUN"]

1. d4 d5 2. c4 e6 3. Nf3 Nf6 4. Nc3 Be7 5. Bg5 h6 6. Bh4 O-O 7. e3 b6 8. cxd5
Nxd5 9. Bxe7 Qxe7 10. Nxd5 exd5 11. Rc1 Bb7 12. Qa4 Rc8 13. Bd3 c5 14. Qa3 a5
15. O-O Na6 16. Bxa6 Bxa6 17. Rfe1 1/2-1/2

[Event "Magyar Rapid Bajnokság"]
[Site "Ajka"]
[Date "2018.07.21"]
[Round "6.7"]
[White "Hardicsay, Peter"]
[Black "Czebe, Attila"]
[Result "0-1"]
[WhiteElo "2267"]
[BlackElo "2488"]
[PlyCount "52"]
[EventDate "2018.07.20"]
[EventType "swiss"]
[EventRounds "13"]
[EventCountry "HUN"]

1. e4 g6 2. d4 d6 3. Nf3 Bg7 4. Nc3 a6 5. a4 Nf6 6. Bc4 O-O 7. Bb3 Bg4 8. Be3
Nc6 9. h3 Bxf3 10. Qxf3 Nd7 11. Rd1 Na5 12. Ba2 b5 13. b4 Nc6 14. Bd5 Nxb4 15.
Bxa8 Nxc2+ 16. Kd2 Nxe3 17. fxe3 Qxa8 18. axb5 axb5 19. Ra1 Qb7 20. Rhb1 c6 21.
Ra2 b4 22. Ne2 c5 23. Ke1 b3 24. Rd2 Qb4 25. Kd1 c4 26. Rdb2 Nb6 0-1

[Event "Magyar Rapid Bajnokság"]
[Site "Ajka"]
[Date "2018.07.21"]
[Round "6.8"]
[White "Horvath, Adam"]
[Black "Dankhazi, Andras"]
[Result "1-0"]
[WhiteElo "2479"]
[BlackElo "2361"]
[PlyCount "49"]
[EventDate "2018.07.20"]
[EventType "swiss"]
[EventRounds "13"]
[EventCountry "HUN"]

1. e4 e5 2. Nf3 Nc6 3. Bc4 Nf6 4. d3 Be7 5. O-O O-O 6. a4 d6 7. a5 a6 8. Re1
Kh8 9. Nc3 Bg4 10. h3 Bh5 11. Be3 Qd7 12. Nd5 Bxf3 13. Qxf3 Nd4 14. Bxd4 exd4
15. e5 dxe5 16. Nxe7 Qxe7 17. Qxb7 Qd6 18. Re2 Rfb8 19. Qf3 Ra7 20. Rae1 Re8
21. Bxf7 Re7 22. Bc4 Qc5 23. g4 h6 24. Qf5 Nd7 25. Be6 1-0

[Event "Magyar Rapid Bajnokság"]
[Site "Ajka"]
[Date "2018.07.21"]
[Round "6.9"]
[White "Kiss, Pal"]
[Black "Nemeth, Miklos"]
[Result "1/2-1/2"]
[WhiteElo "2356"]
[BlackElo "2469"]
[PlyCount "94"]
[EventDate "2018.07.20"]
[EventType "swiss"]
[EventRounds "13"]
[EventCountry "HUN"]

1. d4 Nf6 2. c4 e6 3. Nf3 b6 4. g3 Bb7 5. Bg2 Be7 6. O-O O-O 7. Nc3 Bb4 8. Bd2
c5 9. a3 Bxc3 10. Bxc3 Ne4 11. Rc1 d6 12. b3 Qc7 13. Bb2 Nd7 14. Rc2 f5 15. Nd2
Rad8 16. Nxe4 Bxe4 17. Rd2 Bxg2 18. Kxg2 f4 19. Qc2 cxd4 20. Bxd4 e5 21. Bc3
Rf6 22. Qe4 Rdf8 23. Qd5+ Kh8 24. Bb4 Nc5 25. Bxc5 bxc5 26. b4 cxb4 27. axb4
Qc8 28. f3 Rh6 29. g4 Qd8 30. Rf2 Qb6 31. c5 dxc5 32. Qxc5 Re8 33. Rd5 Qb8 34.
b5 Rc8 35. Qe7 Re8 36. Qc5 e4 37. fxe4 Rxe4 38. Rf5 Rf6 39. Rxf6 gxf6 40. Qc6
Qe5 41. Qc2 Rb4 42. Qc8+ Kg7 43. Qd7+ Kg6 44. Qd3+ Kg7 45. Qd7+ Kh6 46. Qd3
Rxb5 47. Rf3 Qd5 1/2-1/2

[Event "Magyar Rapid Bajnokság"]
[Site "Ajka"]
[Date "2018.07.21"]
[Round "6.11"]
[White "Szelenyi, Norbert"]
[Black "Almasi, Istvan"]
[Result "1-0"]
[WhiteElo "2284"]
[BlackElo "2416"]
[PlyCount "73"]
[EventDate "2018.07.20"]
[EventType "swiss"]
[EventRounds "13"]
[EventCountry "HUN"]

1. e3 c5 2. b3 Nf6 3. Bb2 b6 4. c4 Bb7 5. Nf3 d6 6. Be2 e5 7. O-O Be7 8. Nc3
O-O 9. Qc2 Nc6 10. Rad1 d5 11. d4 cxd4 12. exd4 e4 13. Ne5 Nb4 14. Qb1 dxc4 15.
bxc4 Bd6 16. a3 Na6 17. c5 Bb8 18. c6 Bc8 19. Nxe4 Nd5 20. Bf3 Nac7 21. Rfe1
Be6 22. g3 Re8 23. h4 h6 24. a4 f6 25. Nd7 Bxd7 26. cxd7 Qxd7 27. Nc3 Rd8 28.
Qa2 Kh7 29. Nxd5 Nxd5 30. Bxd5 Qxd5 31. Qxd5 Rxd5 32. Re8 b5 33. a5 b4 34. Rc1
Rxa5 35. Rcc8 Ra2 36. h5 g5 37. Re7# 1-0

[Event "Magyar Rapid Bajnokság"]
[Site "Ajka"]
[Date "2018.07.21"]
[Round "6.16"]
[White "Czupor, Attila"]
[Black "Csiszar, Csaba"]
[Result "1/2-1/2"]
[WhiteElo "2045"]
[BlackElo "2432"]
[PlyCount "105"]
[EventDate "2018.07.20"]
[EventType "swiss"]
[EventRounds "13"]
[EventCountry "HUN"]

1. e4 c5 2. Nf3 Nc6 3. d4 cxd4 4. Nxd4 e5 5. Nb5 d6 6. c4 Be7 7. g3 f5 8. Nd2
Nf6 9. Bg2 f4 10. Nb3 Bg4 11. f3 Be6 12. c5 dxc5 13. Qxd8+ Kxd8 14. gxf4 c4 15.
fxe5 Nxe5 16. N3d4 Nd3+ 17. Ke2 Bf7 18. Be3 a6 19. Nc3 Nh5 20. Rhd1 Kc7 21.
Rxd3 cxd3+ 22. Kxd3 Rad8 23. f4 Bc5 24. Nce2 Kb8 25. b3 Nf6 26. Rc1 Ba7 27. Kd2
Bg6 28. f5 Bh5 29. Rc4 b5 30. Bf4+ Ka8 31. e5+ Nd5 32. Rc7 Bb6 33. Rxg7 Kb8 34.
Nc6+ Kc8 35. Nxd8 Rxd8 36. Bg3 Nf4+ 37. Kc2 Nxe2 38. Bb7+ Kb8 39. e6+ Nxg3 40.
hxg3 Bc7 41. Bxa6 Be2 42. a4 Bd3+ 43. Kc1 Bxf5 44. e7 Rh8 45. Bxb5 Bg6 46. Rxg6
hxg6 47. e8=Q+ Rxe8 48. Bxe8 Bxg3 49. Kd1 Ka7 50. Bxg6 Be1 51. Kc2 Kb6 52. Kd3
Ka5 53. Kc4 1/2-1/2

[Event "Magyar Rapid Bajnokság"]
[Site "Ajka"]
[Date "2018.07.21"]
[Round "7.2"]
[White "Almasi, Zoltan"]
[Black "Papp, Gabor"]
[Result "1/2-1/2"]
[WhiteElo "2650"]
[BlackElo "2574"]
[PlyCount "96"]
[EventDate "2018.07.20"]
[EventType "swiss"]
[EventRounds "13"]
[EventCountry "HUN"]

1. Nf3 c5 2. c4 g6 3. d4 cxd4 4. Nxd4 Nc6 5. e4 Nf6 6. Nc3 d6 7. Be2 Nxd4 8.
Qxd4 Bg7 9. Be3 O-O 10. Qd2 a5 11. Rd1 a4 12. O-O Qa5 13. Bd4 Be6 14. f4 Rfc8
15. b3 axb3 16. axb3 Qb4 17. f5 Bd7 18. Bxf6 Bxf6 19. Nd5 Qxd2 20. Nxf6+ exf6
21. Rxd2 Bc6 22. fxg6 hxg6 23. Rxf6 Bxe4 24. Rfxd6 Ra3 25. b4 Rb3 26. b5 Rc5
27. R6d4 Re5 28. Bf1 Bf5 29. Re2 Rxe2 30. Bxe2 Be6 31. Rd8+ Kg7 32. Rb8 Rb4 33.
c5 Rb2 34. Bf1 Bd5 35. Rd8 Be4 36. Rd7 Kf6 37. Rc7 Ke6 38. h4 f5 39. Rg7 Kf6
40. Rc7 f4 41. Rc8 Kf5 42. c6 bxc6 43. bxc6 Rc2 44. c7 Kg4 45. Re8 Bf5 46. Re7
Kxh4 47. Kh2 f3 48. Kg1 Kg3 1/2-1/2

[Event "Magyar Rapid Bajnokság"]
[Site "Ajka"]
[Date "2018.07.21"]
[Round "7.3"]
[White "Medvegy, Zoltan"]
[Black "Banusz, Tamas"]
[Result "0-1"]
[WhiteElo "2542"]
[BlackElo "2592"]
[PlyCount "72"]
[EventDate "2018.07.20"]
[EventType "swiss"]
[EventRounds "13"]
[EventCountry "HUN"]

1. d4 d5 2. Bf4 Nf6 3. e3 c5 4. c3 Nc6 5. Nd2 e6 6. Ngf3 cxd4 7. exd4 Nh5 8.
Be3 Bd6 9. Ne5 g6 10. Nd3 Ng7 11. g3 Nf5 12. Bg2 Nxe3 13. fxe3 h5 14. Qf3 h4
15. O-O-O Qc7 16. Kb1 Bd7 17. e4 dxe4 18. Nxe4 f5 19. Nf6+ Kf7 20. Nxd7 Qxd7
21. d5 Ne7 22. dxe6+ Qxe6 23. g4 Kg7 24. Rhe1 Qf6 25. gxf5 Nxf5 26. Nf4 Rae8
27. Qxb7+ Kh6 28. Rxe8 Rxe8 29. Qc6 Rd8 30. Re1 Ne7 31. Rxe7 Qxe7 32. Nd3 Bxh2
33. Be4 Rd6 34. Qc4 Bg3 35. b4 h3 36. Kc2 Qe6 0-1

[Event "Magyar Rapid Bajnokság"]
[Site "Ajka"]
[Date "2018.07.21"]
[Round "7.4"]
[White "Czebe, Attila"]
[Black "Ruck, Robert"]
[Result "1/2-1/2"]
[WhiteElo "2488"]
[BlackElo "2570"]
[PlyCount "59"]
[EventDate "2018.07.20"]
[EventType "swiss"]
[EventRounds "13"]
[EventCountry "HUN"]

1. Nf3 Nf6 2. g3 g6 3. Bg2 Bg7 4. O-O O-O 5. d4 d5 6. Nbd2 c6 7. b3 a5 8. a4
Bf5 9. Bb2 Na6 10. Nh4 Be6 11. h3 Qb6 12. Nhf3 Rfd8 13. Ne5 Rac8 14. e3 c5 15.
Qe2 Nb4 16. c3 Nc6 17. Nd3 cxd4 18. exd4 Bf5 19. Nc5 Qc7 20. g4 Bd7 21. f4 Be8
22. Qe3 b6 23. Nd3 e6 24. Rf2 Ne7 25. Ne5 b5 26. axb5 Bxb5 27. c4 dxc4 28. bxc4
Bc6 29. Nxc6 Nxc6 30. Nf3 1/2-1/2

[Event "Magyar Rapid Bajnokság"]
[Site "Ajka"]
[Date "2018.07.21"]
[Round "7.5"]
[White "Bagi, Mate"]
[Black "Vertetics, Attila"]
[Result "1-0"]
[WhiteElo "2394"]
[BlackElo "2506"]
[PlyCount "87"]
[EventDate "2018.07.20"]
[EventType "swiss"]
[EventRounds "13"]
[EventCountry "HUN"]

1. e4 c6 2. d4 d5 3. Nc3 g6 4. h3 Bg7 5. Nf3 dxe4 6. Nxe4 Nd7 7. Bc4 Ngf6 8.
Nxf6+ Nxf6 9. O-O O-O 10. Re1 Bf5 11. Bb3 Be4 12. Bg5 Bd5 13. c4 Bxf3 14. Qxf3
a5 15. Rad1 a4 16. Bc2 Qa5 17. Bd2 Qc7 18. Bf4 Qd7 19. b3 axb3 20. Bxb3 Rfe8
21. d5 cxd5 22. cxd5 Qb5 23. Re2 Nd7 24. Rde1 Bf8 25. Bg5 Nc5 26. Bxe7 Nxb3 27.
axb3 Bxe7 28. Rxe7 Rf8 29. d6 Qc5 30. Rxb7 Qxd6 31. Rxf7 Rxf7 32. Qxa8+ Kg7 33.
Qa1+ Kh6 34. Qc1+ Kg7 35. Qc3+ Kh6 36. Qe3+ Kg7 37. Qc3+ Kh6 38. b4 Rf4 39. Rb1
Rd4 40. b5 Rd1+ 41. Rxd1 Qxd1+ 42. Kh2 Qd6+ 43. g3 Qb8 44. Qc6 1-0

[Event "Magyar Rapid Bajnokság"]
[Site "Ajka"]
[Date "2018.07.21"]
[Round "7.6"]
[White "Galyas, Miklos"]
[Black "Horvath, Adam"]
[Result "1-0"]
[WhiteElo "2382"]
[BlackElo "2479"]
[PlyCount "105"]
[EventDate "2018.07.20"]
[EventType "swiss"]
[EventRounds "13"]
[EventCountry "HUN"]

1. d4 Nf6 2. Nf3 e6 3. e3 b6 4. Bd3 Bb7 5. O-O c5 6. c4 Be7 7. Nc3 d6 8. d5 e5
9. e4 Nbd7 10. g3 h5 11. h4 Nh7 12. Kg2 Bc8 13. Rh1 O-O 14. Bd2 Ndf6 15. Ng5 g6
16. Qe2 Bg4 17. f3 Bd7 18. Raf1 Kh8 19. Nd1 Ng8 20. Nxh7 Kxh7 21. Ne3 Nh6 22.
f4 exf4 23. Rxf4 Bf6 24. Bc3 Bxc3 25. bxc3 Qe7 26. Rhf1 Qe5 27. Rf6 Rae8 28.
Qf2 Kg7 29. Qf4 Qxf4 30. R1xf4 Nf5 31. Nxf5+ Kxf6 32. Nxd6+ Kg7 33. Nxe8+ Rxe8
34. Rf1 Re5 35. Kf3 f6 36. a4 g5 37. a5 bxa5 38. Ra1 a4 39. Bc2 f5 40. exf5 Kf6
41. Bxa4 Bxf5 42. Bd1 g4+ 43. Kf2 Bd3 44. Rxa7 Bxc4 45. d6 Ke6 46. d7 Rd5 47.
Ba4 Rd2+ 48. Ke3 Rd3+ 49. Kf4 Kf6 50. Ra8 Rf3+ 51. Ke4 Bd3+ 52. Kd5 Rf5+ 53.
Kd6 1-0